| 000 | 00476nam a22001817a 4500 | ||
|---|---|---|---|
| 999 |
_c524589 _d524589 |
||
| 003 | NUST | ||
| 005 | 20190624072943.0 | ||
| 038 | _aFaiza | ||
| 082 |
_a615.53 _bMUL |
||
| 100 |
_aMultani, Harchnd _915392 |
||
| 245 |
_aGahrilo Doctor / _cHarchand Multni |
||
| 260 |
_aLahore : _bMushtaq Book Corner , _c2010. |
||
| 300 | _a256p. ; | ||
| 500 | _aHard Cover | ||
| 880 |
_6100-01\r _aہرچند ملتانی |
||
| 880 |
_6245-02\r _a /گھریلو ڈاکٹر |
||
| 942 |
_2ddc _cBK |
||